Catálogo
 En Linea

Mensaje presentado a la Asamblea Nacional por el Honorable Presidente de la República Gral. Rafael L. Trujillo Molina, el 27 de febrero de 1933, en que da cuenta de su gestión oficial durante el año 1932. (Registro nro. 30058)

Detalles MARC
000 -CABECERA
campo de control de longitud fija 00661nam a2200157 a 4500
001 - NÚMERO DE CONTROL
campo de control 000030566
005 - FECHA Y HORA DE LA ÚLTIMA TRANSACCIÓN
campo de control 20200930062401.0
008 - DATOS DE LONGITUD FIJA--INFORMACIÓN GENERAL
campo de control de longitud fija 110524s1933 dr 000 | spa d
040 ## - FUENTE DE LA CATALOGACIÓN
Centro catalogador/agencia de origen DO-SdBNP
Lengua de catalogación spa
Centro/agencia transcriptor BNPHU
082 ## - NÚMERO DE LA CLASIFICACIÓN DECIMAL DEWEY
Número de clasificación xxx
Número de documento/Ítem R426m
049 ## - FONDOS LOCALES (OCLC)
Fondos de biblioteca BNPD
110 1# - ENTRADA PRINCIPAL--NOMBRE DE ENTIDAD CORPORATIVA
Nombre de entidad corporativa o nombre de jurisdicción como elemento de entrada República Dominicana.
Unidad subordinada Presidente (1930-1938 : Trujillo Molina)
9 (RLIN) 57161
245 10 - MENCIÓN DE TÍTULO
Título Mensaje presentado a la Asamblea Nacional por el Honorable Presidente de la República Gral. Rafael L. Trujillo Molina, el 27 de febrero de 1933, en que da cuenta de su gestión oficial durante el año 1932.
260 ## - PUBLICACIÓN, DISTRIBUCIÓN, ETC.
Lugar de publicación, distribución, etc. Santo Domingo :
Nombre del editor, distribuidor, etc. Imprenta de J. R. Viuda García,
Fecha de publicación, distribución, etc. 1933.
300 ## - DESCRIPCIÓN FÍSICA
Extensión 40 p. ;
Dimensiones 23 cm.
Existencias
Estado de retiro Estado de pérdida Restricciones de uso No para préstamo Código de colección Localización permanente Ubicación/localización actual Ubicación en estantería Fecha de adquisición Número de inventario Total de préstamos Signatura topográfica completa Código de barras Fecha visto por última vez Precio válido a partir de Tipo de ítem Koha Nota pública
      Excluido de préstamo Raros y valiosos Patrimonio Dominicano Patrimonio Dominicano En catalogación 24.05.2011 LF1   xxx R426m 30566-10 25.06.2020 25.06.2020 No se presta Perteneció a la biblioteca personal de Martínez Boog.

Con tecnología Koha